BIBLIOTECA

SENCICO

Diseño con fotografías : design fundamentals (Registro nro. 2604)

Detalles MARC
000 -LEADER
fixed length control field 00747nam a2200205Ia 4500
005 - DATE AND TIME OF LATEST TRANSACTION
control field 20251020182547.0
008 - FIXED-LENGTH DATA ELEMENTS--GENERAL INFORMATION
fixed length control field 200515s9999 xx 000 0 und d
082 ## - DEWEY DECIMAL CLASSIFICATION NUMBER
Classification number 77.04/B72
100 ## - MAIN ENTRY--PERSONAL NAME
Personal name BONNICI, Peter PROUD, Linda
245 #0 - TITLE STATEMENT
Title Diseño con fotografías : design fundamentals
260 ## - PUBLICATION, DISTRIBUTION, ETC.
Place of publication, distribution, etc. Lima
260 ## - PUBLICATION, DISTRIBUTION, ETC.
Date of publication, distribution, etc. 1982
300 ## - PHYSICAL DESCRIPTION
Extent 160
520 ## - SUMMARY, ETC.
Summary, etc. El conocimiento del contenido fotográfico y de la composición, combinado con una conciencia del buen diseño y las posibilidades ofrecidas por diferentes tratamientos fotograf., pueden ayudarnos a transformar un diseño mediocre en uno verdaderamente expres
650 ## - SUBJECT ADDED ENTRY--TOPICAL TERM
Topical term or geographic name entry element DISEÑO FOTOGRAFICO
650 ## - SUBJECT ADDED ENTRY--TOPICAL TERM
Topical term or geographic name entry element FOTOGRAFIA ARTISTICA
650 ## - SUBJECT ADDED ENTRY--TOPICAL TERM
Topical term or geographic name entry element FOTOGRAFIAS
650 ## - SUBJECT ADDED ENTRY--TOPICAL TERM
Topical term or geographic name entry element LIB
942 ## - ADDED ENTRY ELEMENTS (KOHA)
Koha item type Libros
Existencias
Fecha de la última vez que lo usaron Pago total Signatura topográfica completa Código de barras Precio efectivo desde Tipo de documento Estado perdido Estado dañado No es para préstamo Retirado Ubicación permanente Ubicación actual Fecha de adquisición
15/05/2020   77.04/B72 Bib-Lima15052604 15/05/2020 Libros         Biblioteca Central Lima Biblioteca Central Lima 15/05/2020